Popularne numery rap/trap tygodnia 07-13.05 Spotify. - Statystyki

Ogólne statystyki
  • Ten quiz został rozwiązany 9 razy
  • Średni wynik to 10 z 30
Statystyki odpowiedzi
Wykonawca Odsłuchania Utwór % Poprawnych
Sobel 1.24M Bandyta
89%
Mata 1.14M Patoreakcja
89%
OIO 1.18M Amerykańskie Teledyski
67%
Ekipa 468K 3KIPA
56%
Ekipa 868K Chill
56%
Guzior, Oskar83 454K FALA
56%
Sobel 1.60M Fiołkowe Pole
56%
Sobel 482K Impreza
56%
Sobel 444K Kinol
56%
OIO 1.04M Przypadkiem
56%
OIO 1.41M Worki W Tłum
56%
Guzior 539K BLUEBERRY
44%
Białas, White 2115 482K Diamentowy Las
44%
Wiatr, Sobel, Be Vis 562K Testarossa
44%
Sobel 485K Alien
33%
Chivas, White 2115 479K Mam Na Twarzy Krew I Tym Razem Nie Jest Sztuczna
33%
Avi, Louis Villain 402K AMG
22%
OIO 438K Biggie
22%
Chivas 417K Jakbym Miał W Ręku Klamkę
22%
Kizo, Wac Toja 795K Nasze Lato
22%
Sobel, Young Igi 515K Nie Teraz
22%
Białas, White 2115 437K Korzenie w bagnie
11%
Białas, White 2115 483K Lombard Dusz
11%
OIO 475K Moonwalk
11%
Białas, White 2115 444K Mutanci
11%
Białas, White 2115 406K Afera
0%
Białas, White 2115 414K Jesień w Diamentowym Lesie
0%
Białas, White 2115 393K Nie lubię ku
0%
Białas, White 2115 413K Spacer po lesie
0%
Białas, White 2115 912K Święto Ogródka
0%
Nie znaleziono quizów pasujących do podanych kryteriów
Rozkład punktacji
Procent ludzi z każdym wynikiem
Percentyl według liczby udzielonych odpowiedzi
Twoja historia wyników
Nie rozwiązałeś tego quizu